LDR 00869naa#a2200157#i#450# 001 RU\\bibl\124807 005 20260604101106.4 100 ## _a20260531b2026####ek#y0rusy0150####ca 102 ## _aRU 200 1# _aСМАРТ-СИСТЕМЫ ПРИ РАССЛЕДОВАНИИ ВЫСОКОТЕХНОЛОГИЧНЫХ ПРЕСТУПЛЕНИЙ В ТВОРЧЕСКОЙ ИНДУСТРИИ _eЖурнальная статья 210 1# _aМосква _cНациональный исследовательский университет "Московский институт электронной техники _d2026 215 ## _a0 с. 608 ## _aЖурнальная статья _2local 675 ## _aКриминалистика. Криминалистическая техника и тактика. 343.98 _z 700 #1 _aНестеров _gАнатолий Васильевич 856 4# _ahtlaw.ru _u